000 00590nam a22001937a 4500
005 20251108164323.0
008 250721s1997 xx 000 0 ara d
082 1 4 _a420.7/محم
100 1 _aفرحات، محمد
245 1 0 _aالقواعد و المحادثة /
250 _aط2.
264 1 _aعمان :
_bدار أسامة للنشر و التوزيع،
_c1997.
300 _a302ص
490 0 _aمدخل شامل لتعليم اللغة الإنكليزية ؛ 1
650 1 7 _aاللغة الإنجليزية
650 1 7 _aالتعلم
942 _2ddc
_cBK
999 _c9241
_d9241